000 00487nam a22001697a 4500
999 _c41024
_d41024
003 OSt
005 20210301131919.0
008 210225b ||||| |||| 00| 0 eng d
020 _a9780195646320
040 _coclc
082 _a954.025
_bHAB/A
100 _92538
_aHabib, Irfan
245 _aAkbar And His India /
_cIrfan Habib
260 _aNew Delhi:
_bOxford University Press,
_c2000.
300 _a315p
942 _2ddc
_cBK
_h954.025
_iHAB/A
_k954.025
_mHAB/A